000 00637nab a2200193 4500
001 244442
003 OSt
005 20260114103108.0
007 tu
008 260114s2020|||||||
040 _aDE-2950
_cDE-2950
245 0 0 _aPlanung nimmt Fahrt auf
_bSanierung. Für den Helenesee stehen in diesem Jahr wichtige Weichenstellungen an. Neben dem Bergbauamt treibt auch die Stadt Pläne für das Umfeld voran/
_cThomas Gutke
264 _c2025
653 _aFrankfurt (Oder)
653 _aHelenesee
653 _aPlanung
773 0 _g37. Jahrgang (2026) Nr. 4 vom 06.01.2026 , S. 13 mit Foto
_tMärkische Oderzeitung
942 _2z
_cA
999 _c374194
_d374194